| 000 | 00801nam a2200289Ia 4500 | ||
|---|---|---|---|
| 003 | OSt | ||
| 005 | 20220918164807.0 | ||
| 006 | a|||||r|||| 00| 0 | ||
| 007 | ta | ||
| 008 | 220917b |||||||| |||| 00| 0 eng d | ||
| 020 | _a0761950834 (pbk) | ||
| 024 | _a31,072 | ||
| 037 | _cTextual | ||
| 040 |
_aARTS _cARTS _beng |
||
| 041 |
_2eng _aeng |
||
| 082 | _aS:86, N7 | ||
| 100 |
_aWills Frank _920844 |
||
| 110 |
_aCognitive Therapy _920845 |
||
| 245 | 0 |
_aCognitive therapy _b transforming the image |
|
| 260 |
_aLondon _bSage Publications UK _c1997 |
||
| 300 |
_axii,195p. _ccm. |
||
| 650 | _aPSYCHOLOGY | ||
| 700 |
_a Sanders Diana _920846 |
||
| 700 |
_aCognitive Therapy _920847 |
||
| 942 |
_hS:86, N7 _cTEXL _2CC |
||
| 999 |
_c126657 _d126657 |
||